LEADER 01122nam0 2200301 450 001 000020027 005 20081127124223.0 010 $a88-383-0026-7 100 $a20081127d1986----km-y0itay50------ba 101 0 $aita 102 $aIT 105 $ay-------001yy 200 1 $aDalla terra piatta al globo terrestre$euna mutazione epistemologica rapida, 1480-1520$fW. G. L. Randles$gtrad. di Agostino Lupoli 210 $aFirenze$cSansoni$d1986 215 $a172 p., 6 c. di tav.$cill.$d20 cm 225 2 $aBiblioteca di studi storici 410 0$12001$aBiblioteca di studi storici 500 10$aDe la terre plate au globe terrestre$m$933713 610 1 $aGeografia$aTeorie$aSec. 15.-16. 676 $a910.01$v19$9Filosofia e teoria della geografia generale e dei viaggi 676 $a550$v20$9Scienza della terra 700 1$aRandles,$bWilliam Graham Lister$4070$0173439 702 1$aLupoli,$bAgostino 801 0$aIT$bUNIPARTHENOPE$c20081127$gRICA$2UNIMARC 912 $a000020027 951 $aG 525/1$bG 84$cDSA$d2008 996 $aDe la terre plate au globe terrestre$933713 997 $aUNIPARTHENOPE LEADER 01289nam0 22002771i 450 001 UON00059052 005 20231205102259.187 100 $a20020107d1927 |0itac50 ba 101 $aeng 102 $aNL 105 $a|||| 1|||| 200 1 $aˆA ‰handbook of early Muhammaden tradition$fA. J. Wensinck 210 $aLeiden$c[s.n.]$d1927 215 $aXVIII, 268 p.$d26 cm 316 $aSigla inv. incerta esemplare in fotocopia$5IT-UONSI DOPPI182 620 $aNL$dLeiden$3UONL003056 686 $aARA VII AC$cPAESI ARABI - FILOSOFIA E RELIGIONE - ISLAM - HADITH$2A 700 1$aWensinck$bArent Jan$3UONV046943$0641340 790 1$aWENSINCK, A. J.$zWensinck, Arent Jan$3UONV013211 790 1$aWENSINCK, A. Y.$zWensinck, Arent Jan$3UONV036772 801 $aIT$bSOL$c20240220$gRICA 912 $aUON00059052 950 $aSIBA - SISTEMA BIBLIOTECARIO DI ATENEO$dSI ARA VII AC 037 $eSI MR 24435 7 037 950 $aSIBA - SISTEMA BIBLIOTECARIO DI ATENEO$dSI DOPPI 182 $eSI AR 2275 5 Sigla inv. incerta esemplare in fotocopia$sSmarrito 996 $aHandbook of early Muhammaden tradition$91167763 997 $aUNIOR